000 00675nam a22001577a 4500
003 OSt
005 20150921165044.0
008 150921b xxu||||| |||| 00| 0 eng d
040 _cRUA
082 _aAGR SOP 2006 B034 Or.1
100 _91045
_aSOPHAN, KANNHNA.
245 _aComparative study of tow rice culivation methods in chhouk district, kampot province សិក្សាប្រៀបធៀបវិធីសាស្ត្រពីរយ៉ាងក្នុងការដាំដុះដំណាំស្រូវ នៅក្នុងឈូក ខេត្តកំពត
260 _aPhnom Penh
_bRUA
_c2006
300 _a48p.
_bill.
_c29cm.
942 _2ddc
_cAGR
999 _c1005
_d1005